00315nam a2200097Ia 4500008004100000245004900041245003800090260000900128650003200137856004800169171204s9999 xx 000 0 und d aFood Microbiology: Principles into Practice: cOsman Erkmen and T. Faruk Bozoglu c2016 xMicrobiology & Parasitology uhttp://down.ebook777.com/043/1119237769.pdf